000 01033nam a2200277Ia 4500
001 ebr10185531
003 CaPaEBR
006 m u
007 cr cn|||||||||
008 070112s2007 enk s 000 0 eng d
020 _z9781846634109
040 _aCaPaEBR
_cCaPaEBR
035 _a(OCoLC)182817274
050 1 4 _aHD39
_b.C37 2007eb
245 0 0 _aCapital structure
_h[electronic resource] /
_cguest editor: George P. Artikis.
260 _aBradford :
_bEmerald Group Press,
_cc2007.
300 _a61 p.
490 0 _aManagerial Finance ;
_v33, no. 5
533 _aElectronic reproduction.
_bPalo Alto, Calif. :
_cebrary,
_d2009.
_nAvailable via World Wide Web.
_nAccess may be limited to ebrary affiliated libraries.
650 0 _aCorporations
_xFinance.
650 0 _aCapital.
655 7 _aElectronic books.
_2local
700 1 _aArtikis, George P.
710 2 _aebrary, Inc.
856 4 0 _uhttp://site.ebrary.com/lib/rucke/Doc?id=10185531
_zAn electronic book accessible through the World Wide Web; click to view
999 _c144567
_d144567